Statistics for Portuguese elections - Electoral districts by MP distribution

Click here to take the quiz!

General Stats

  • This quiz has been taken 4 times
  • The average score is 13 of 22

Answer Stats

Number of MPsNumber of votersAnswer% Correct
16642 185Aveiro
100%
19780 228Braga
100%
9371 791Coimbra
100%
10412 223Leiria
100%
481 915 377Lisbon
100%
401 591 947Porto
100%
19751 385Setúbal
100%
9382 622Faro
75%
6254 553Madeira
75%
9377 315Santarém
75%
8335 711Viseu
75%
4163 613Castelo Branco
50%
5230 082Açores
25%
3119 112Beja
25%
3134 237Bragança
25%
2937 185Europe
25%
3133 414Évora
25%
2609 345Outside Europe
25%
293 120Portalegre
25%
5233 527Viana do Castelo
25%
3141 450Guarda
0%
5208 700Vila Real
0%

Score Distribution

Percentile by Number Answered

Percent of People with Each Score

Your Score History

You have not taken this quiz